| 000 | 01345cam a2200349 4500 | ||
|---|---|---|---|
| 008 | 020517n2000 000 0 eng u | ||
| 020 | _a1861343086 | ||
| 035 | _a(Sirsi) u118008 | ||
| 041 | _aeng. | ||
| 050 | _a711.52 | ||
| 100 | _aCarley, M. | ||
| 245 | _aRegeneration in the 21st century. Policies into practice : an overview of the Joseph Rowntree Foundation Area Regeneration Programme | ||
| 260 |
_aBristol _bPolicy Press _c2000 |
||
| 300 |
_aviii,67p. _c30cm. |
||
| 350 | _a13.95 | ||
| 490 | _aArea Regeneration | ||
| 520 | _aDecades of regeneration activity have failed to halt the decline in prosperity and the social exclusion of sections of British society. This report summarises the findings of the Joseph Rowntree Foundation's Area Regeneration Programme, which includes over 60 research studies looking into what works and what does not. The report also identifies the key challenges to be faced in the 21st century. | ||
| 650 | _aDEPRIVED AREAS | ||
| 650 | _aEMPLOYMENT | ||
| 650 | _aAREA RENEWAL | ||
| 650 | _aCOMMUNITY INVOLVEMENT | ||
| 650 | _aPARTNERSHIPS | ||
| 650 | _aJOSEPH ROWNTREE FOUNDATION | ||
| 650 | _aSOCIAL EXCLUSION | ||
| 690 | _aREGENERATION | ||
| 700 | _aCampbell, M. | ||
| 700 | _aKearns, A. | ||
| 700 | _aWood, M. | ||
| 700 | _aYoung, R. | ||
| 700 | _aLow, J. | ||
| 942 | _n0 | ||
| 999 |
_c102083 _d102083 |
||